El exorcista /

Guardado en:
Autor Principal: Blatty, William Peter.
Otros Autores: Albornoz, Raquel, trad.
Formato: Libro
Idioma:Spanish
Publicado: Buenos Aires : Emecé, 1972.
Materias:
Etiquetas: Agregar Etiqueta
Sin Etiquetas, Sea el primero en etiquetar este registro!
LEADER 00587nam a22001815a 4500
001 EHU.bham050913
008 220830s1972####ag############000#0#spa#d
005 20220830075556.0
245 1 0 |a El exorcista /  |c William Peter Blatty ; trad. por Raquel Albornoz. 
260 |a Buenos Aires :  |b Emecé,  |c 1972. 
300 |a 336 p. 
100 1 |a Blatty, William Peter. 
700 1 |a Albornoz, Raquel, trad. 
082 3 2 |a 813.6 B644 
653 |a Literatura estadounidense-siglo XX 
653 |a Novela estadounidense-siglo XX 
653 |a Terror 
859 |a AR-BHAM  |b BIB. HUMANIDADES - General  |h 813.6  |i B644  |p 384.22